00983nam a22001817a 450000500170000000800410001704100080005804400070006610000280007311000640010124500730016525000280023826001040026630000190037050400270038950500220041652003630043820140814020003.0131129b2010 ck ||||| |||| 00| 0 spa d aspa ack aUribe-Castaños-Carlos aMinisterio de Ambiente, Vivienda y Desarrollo Territorial.  aIV Informe Nacional ante el convenio sobre la diversidad biológica aUribe-Castaños-Carlos aBogotábMinisterio de Ambiente, Vivienda y Desarrollo TerritorialbRepública de Colombiac 2010 a240 p.,c13 cm aIncluye bibliografía aIncluye contenido a Colombia se ubica en el extremo noroccidental de Suramérica, y es la bisagra biogeográfica entre el Istmo Centro Americano -y por ende su continuidad con Norteamérica- y el resto del continente Suramericano, lo cual define una privilegiada posición ya que se encuentra sobre la franja intertropical del orbe (uno de los ocho países equinocciales)